000 00462nmm a2200169Ia 4500
008 251105s9999||||xx |||||||||||||||||und||
020 _a978847522315X
041 _aspa
100 _aBenedetti, Mario
245 0 _aInventario Dos
264 _a[Madrid, España] :
_bVisor Libros,
_c2008
300 _a480 páginas
490 _aVisor de Poesía
650 _aLatin American poetry
856 _uhttps://public.digitaliapublishing.com/a/76779
942 _cCF
999 _c84942
_d84942